Compendio del Toledo en la mano o Descripcion abreviada de la Iglesia Catedral y demas monumentos y cosas notables que son dignas de la atencion de los curiosos en esta célebre ciudad / (Record no. 161462)

MARC details
000 -LEADER
campo de control de longitud fija 00898nam a2200205 i 4500
001 - NÚMERO DE CONTROL
campo de control 161462
003 - IDENTIFICADOR DE NÚMERO DE CONTROL
campo de control ES-MaACL
005 - FECHA Y HORA DE LA ÚLTIMA TRANSACCIÓN
campo de control 20230906212305.0
008 - DATOS DE LONGITUD FIJA--INFORMACIÓN GENERAL
campo de control de longitud fija 981002s1858 sp |||| | spa d
040 ## - FUENTE DE CATALOGACIÓN
Centro catalogador/agencia de origen CLM
Lengua de catalogación spa
Centro/agencia transcriptor CCPB | 3D
100 1# - ENTRADA PRINCIPAL--NOMBRE DE PERSONA
Nombre de persona Parro, Sixto Ramón.
9 (RLIN) 89269
245 10 - MENCIÓN DEL TÍTULO
Título Compendio del Toledo en la mano o Descripcion abreviada de la Iglesia Catedral y demas monumentos y cosas notables que son dignas de la atencion de los curiosos en esta célebre ciudad /
Mención de responsabilidad, etc. por Sisto Ramon Parro.
260 ## - PUBLICACIÓN, DISTRIBUCIÓN, ETC.
Lugar de publicación, distribución, etc. Toledo :
Nombre del editor, distribuidor, etc. [s.n.],
Fecha de publicación, distribución, etc. 1858 (
Fabricante Imprenta de Severiano Lopez Fando)
300 ## - DESCRIPCIÓN FÍSICA
Extensión 224 p. ;
Dimensiones 15 cm.
530 ## - NOTA DISPONIBLE DE FORMULARIO FÍSICO ADICIONAL
Nota de formato físico adicional disponible Disponible en formato digital.
610 24 - PUNTO DE ACCESO ADICIONAL DE MATERIA--NOMBRE DE ENTIDAD CORPORATIVA
Nombre de entidad corporativa o nombre de jurisdicción como elemento de entrada Catedral Primada de Toledo.
9 (RLIN) 145491
650 #4 - PUNTO DE ACCESO ADICIONAL DE MATERIA--TÉRMINO DE MATERIA
Término de materia o nombre geográfico como elemento de entrada Arquitectura-
Subdivisión geográfica Toledo.
9 (RLIN) 150895
852 ## - LOCALIZACIÓN
Ubicación ES-MaACL
Número de control de estantería D-3974
Nota libre -- Enc. rust.
856 ## - LOCALIZACIÓN Y ACCESO ELECTRÓNICOS
Identificador Uniforme de Recursos <a href="http://bdh-rd.bne.es/viewer.vm?id=0000048592&page=1 ">http://bdh-rd.bne.es/viewer.vm?id=0000048592&page=1 </a>
Nota pública Biblioteca Digital Hispánica
Holdings
Estatus retirado Estado de pérdida Estado de daño No para préstamo Colección Biblioteca de origen Biblioteca actual Ubicación en estantería Fecha de adquisición Fuente de adquisición Total de préstamos Signatura topográfica completa Código de barras Visto por última vez Precio de reemplazo Tipo de ítem Koha
        Colección digital Biblioteca del Ateneo de Madrid Biblioteca del Ateneo de Madrid Sala Valle Inclán 17/01/2008     D-3974 901169126 23/02/2023 23/02/2023 Libro impreso antiguo